• 首页
  • 本馆介绍
  • 公告通知
  • 最新文献
  • 馆藏检索
  • 电子资源
  • 读者导购
  • 参考咨询
  • 我的图书馆
  • 登录
  • 详细信息显示
  • 放入我的书架
  • 预约/预借图书
  • 作者相关作品
  • 分类相关作品
  • 丛书相关作品
  • 出版社相关作品

书目信息

  • 表格格式
  • 工作单格式
  • 卡片格式
题名:
双螺旋
    
 
作者: 美沃森 ;田洺
分册:  
出版信息: 北京   生活.读书.新知三联书店  2001
页数: 189
开本: 20cm
丛书名:
单 册:
中图分类: Q523
科图分类:
主题词: 核酸
电子资源:
ISBN: 7-108-01559-5
000 00636nam0 2200205 450
001 0741144344
005 20070817112544.34
010    @a7-108-01559-5@d¥13.80
100    @a20070817d km y0chiy0120 ea
101 0  @achi
200 1  @a双螺旋@Ashuang luo xuan@e发现DNA结构的个人经历@f[美]沃森@F[mei]wo sen@g田洺@Gtian ming
210    @a北京@c生活.读书.新知三联书店@d2001
215    @a189@c插图@d20cm
517 1  @a发现DNA结构的个人经历@Afa xian DNA jie gou de ge ren jing li
606 0  @a核酸
690    @aQ523@v3
701  0 @a美沃森@Amei wo sen
702  0 @a田洺@Atian ming
801  0 @aCN@bPFT@c20070817
905    @a213230@dQ523@en2@f1
    
    双螺旋:发现DNA结构的个人经历/[美]沃森/田洺.-北京:生活.读书.新知三联书店,2001
    189:插图;20cm
    
    
    ISBN 7-108-01559-5:¥13.80
    
●
相关链接 在E读中查询图书 在五车中查询图书 在当当中查询图书 在豆瓣中查询图书


正题名:双螺旋     索取号:Q523/n2         预约/预借

序号 登录号 条形码 馆藏地/架位号 状态 备注
1 6600861   266008615   密集书库-生命科学系/ [索取号:Q523/n2] 在馆    
唐山师范学院图书馆 欢迎您!
大连网信软件有限公司© 版权所有